| 000 | 02606cam a2200301 i 4500 | ||
|---|---|---|---|
| 999 |
_c14345 _d14345 |
||
| 003 | OSt | ||
| 005 | 20260212174209.0 | ||
| 008 | 240628s2025 enk ob 001 0 eng | ||
| 020 |
_a9781350411395 _qebook |
||
| 020 |
_z9781350411371 _qHB |
||
| 020 |
_a9781350411388 _qepdf |
||
| 020 |
_a9781350411395 _qebook |
||
| 035 | _a23870950 | ||
| 082 | 0 | 0 |
_a306.4/7 _223/eng/20240919 |
| 100 | 1 |
_aFrost, Christian, _d1964- _eauthor _4aut _4http://id.loc.gov/vocabulary/relators/aut |
|
| 245 | 1 | 0 |
_aArchitecture and cultural continuity : _bthe making of festival, experience and historicity / _cChristian Frost. |
| 246 | 3 | 0 | _aMaking of festival, experience and historicity |
| 300 | _a1 online resource. | ||
| 504 | _aIncludes bibliographical references and index. | ||
| 505 | 2 | _aArchitectural experience and festive experience -- The hermeneutics of architecture and festival -- The Florentine feast of San Giovanni, 24 June -- The origins and development of the city of Florence -- Culture, representation and the flowering of civic festival -- Architecture and ontology -- Civic culture, agonistic order and resistance -- Domestic life, language, knowledge and literature -- Architecture and the rule of movement: Hardwick Hall and the Pavillon Suisse -- Architecture, ornament and theatricality: Weltenburg Abbey and the Rockefeller Center -- Architecture, Orientalism and heritage: Leighton House and Beit Beirut -- Architecture, politics and landscape: Salisbury Chapter House and the Australian Parliament. | |
| 520 | _a"Bridging together architecture and festival, ritual and community, past and present, Architecture and Cultural Continuity provides an interdisciplinary philosophical framework for evaluating architecture as experience rather than uniquely form. Utilising primarily the Festival of San Giovanni as a site of study, establishing the importance of cultural depth to architecture, both through its participation in such ritualised events, as well as when it is the background to everyday life. Global case studies - from Turkey to Japan, and from a range of different time periods - highlight how architecture can prioritise community and belonging. Will appeal to researchers in architectural history and theory and cultural studies"-- Provided by publisher. | ||
| 650 | 0 | _aArchitecture and society | |
| 650 | 0 | _aArchitecture and history | |
| 650 | 0 | _aFestivals | |
| 650 | 0 | _aJohn the Baptist's Day | |
| 776 | 1 |
_iPrint version _aFrost, Christian, 1964- _tArchitecture and cultural continuity _dLondon: Bloomsbury Visual Arts, 2025 _hxii, 320 pages 25 cm _z9781350411371 |
|
| 942 | _2ddc | ||